00593cam a22002171 4500001001300000003000400013005001700017008004100034010001700075035001900092040002600111042001200137050001800149100001700167245005200184260004300236300001800279504002900297600003200326999001700358sa 64001625 DLC20260227112003.0750611s1962 pk b 000 0beng  asa 64001625  a(OCoLC)1386392 aDLCcNSyUdOCoLCdDLC apremarc00aTA140.A42bM53 aMisbahuddin.10aLife and works of Nawab Ali Nawaz Jung Bahadur. aHyderabad,bApex Books Concern,c1962. a43 p.c25 cm. aIncludes bibliographies.00aAli Nawaz Jung,d1877-1949. c56838d56838